Tiếng Nhật cho mọi người. : みんなのための日本語 / tập 3

محفوظ في:
التفاصيل البيبلوغرافية
المؤلف الرئيسي: Trần,Việt Thanh
التنسيق: كتاب
اللغة:Vietnamese
Japanese
منشور في: Tp.HCM : Tổng hợp Tp.HCM, 2006.
الموضوعات:
الوسوم: إضافة وسم
لا توجد وسوم, كن أول من يضع وسما على هذه التسجيلة!
Thư viện lưu trữ: Mạng thư viện Đại học Đà Nẵng
LEADER 01248nam a22003371a 4500
001 000038685
003 14980
005 20210410100558.0
008 160412s2006 000
020 |a 42000 
040 |a lnn  |c lnn  |d lnn 
041 1 |a vie  |a jpn 
082 1 4 |a 495.6  |b TR-T 
100 1 |a Trần,Việt Thanh 
245 1 0 |a Tiếng Nhật cho mọi người. :  |b みんなのための日本語 /  |c Trần,Việt Thanh  |n tập 3 
246 3 4 |a Tiếng Nhật cho người mới học :  |b một bước khởi đầu dễ dàng. 
260 |a Tp.HCM :  |b Tổng hợp Tp.HCM,  |c 2006. 
300 |a 460 tr. :  |b ill. ;  |c 20 cm. 
630 0 4 |a Japanese language. 
630 0 4 |a Nhật ngữ. 
650 0 4 |a Japanese language  |x Study and teaching. 
650 0 4 |a Nhật ngữ. 
OWN |a LNN 
902 1 |a TKN 
AVA |a UDN50  |b LNN  |c Japanese-Korean-Thailander  |d 495.6 TR-T  |e available  |t Error 5001 Not defined in file expand_doc_bib_avail.  |f 3  |g 0  |h N  |i 0  |j HN 
999 |a From the UDN01 
AVA |a UDN50  |b LNN  |c Japanese-Korean-Thailander  |d 495.6 TR-T  |e available  |t Error 5001 Not defined in file expand_doc_bib_avail.  |f 3  |g 0  |h N  |i 0  |j HN 
TYP |a Monograph 
980 |a Mạng thư viện Đại học Đà Nẵng